00000000nam 2200000zi 4500
0019.957874
003CaOODSP
00520251202113813
006m     o  d f      
007cr |n|||||||||
008251202t19982002onca    ob   f|0| 0 fre d
020 |z0660967936
040 |aCaOODSP|bfre|erda|cCaOODSP
043 |an-cn---
0861 |aCH4-35/2002F-PDF|zCH4-35/2002F
1001 |aBarclay, R. L. |q(Robert L.)|eauteur.
24510|aSupports pour objets de musée : |bde la conception à la fabrication / |cpar Robert Barclay, André Bergeron, et Carole Dignard, illustré par Carl Schlichting.
250 |aDeuxième édition.
264 1|aOttawa : |bInstitut canadien de conservation, |c2002.
264 4|c©1998
300 |a1 ressource en ligne (ii, 76 pages) : |billustrations
336 |atexte|btxt|2rdacontent/fre
337 |ainformatique|bc|2rdamedia/fre
338 |aressource en ligne|bcr|2rdacarrier/fre
500 |aPublié aussi en anglais sous le titre : Mount-making for museum objects.
500 |aPublié en collaboration avec le Centre de conservation du Québec.
504 |aComprend des références bibliographiques (pages 73-75).
520 |a« Le présent ouvrage est consacré à l'utilisation et à la fabrication des supports pour objets. Il s'adresse aux personnes qui travaillent dans les musées (par exemple techniciens, préparateurs, spécialistes d'exposition, concepteurs, gestionnaires de collection et restaurateurs) qui ont, pour l'instant, une expérience limitée ou moyenne de la fabrication de supports. Il est question, dans cet ouvrage, de l'importance des supports, des matériaux susceptibles de servir à les fabriquer et de ceux qui sont déconseillés, et de la conception des supports. Il demeure toutefois que ces pages sont principalement consacrées aux techniques de fabrication, avec exemples pratiques à l'appui. Ni exhaustifs ni définitifs, ces exemples devraient néanmoins amener le lecteur à enrichir son « coffret à outils » personnel, ce qui lui sera utile lorsqu'il sera appelé à résoudre un nouveau problème en matière de conception d'un support »--Introduction et objectifs, page 1.
650 6|aObjets exposés|zCanada.
650 6|aMuséologie|zCanada.
650 6|aMusées|xMéthodes de conservation|zCanada.
7102 |aInstitut canadien de conservation, |eorganisme de publication.
7102 |aCentre de conservation du Québec, |eorganisme de publication.
77508|tMount-making for museum objects / |w(CaOODSP)9.957871
85640|qPDF|s25.20 Mo|uhttps://publications.gc.ca/collections/collection_2025/pch/CH4-35-2002-fra.pdf